01003cam a2200289 a 450000100040000000500170000402000150002102000180003602000270005404000300008105000230011108200140013410000210014824500770016926000380024630000410028449000450032550500060037052001730037652100190054952100180056865000220058665000230060865000330063165000220066470000270068653920240712152143.0 a0064408655 a9781405266109 a0060288906 (lib. bdg.) aDLCcDLCdDLCdFISKHbeng00aPZ7.S6795bVi 200100a813.62211 aSnicket, Lemony.14aThe vile village /cby Lemony Snicket ; illustrations by Brett Helquist. aNew York :bHarperCollins,c2001. a256 pages :billustrations ;c18 cm.1 aA series of unfortunate events ;vBook 7 aX aUnder a new government program based on the saying "It takes a village to raise a child," the Baudelaire orphans are adopted by an entire town, with disastrous results. a1080 bLexile aX bRaz-Plus 1aOrphansvFiction. 1aSiblingsvFiction. 1aCity and town lifevFiction. 1aHumorous stories.1 aHelquist, Brett,eill.